Commentary in the employees state insurance act (Record no. 523335)

MARC details
000 -LEADER
fixed length control field 00771nam a2200253Ia 4500
003 - CONTROL NUMBER IDENTIFIER
control field OSt
005 - DATE AND TIME OF LATEST TRANSACTION
control field 20220925192758.0
008 - FIXED-LENGTH DATA ELEMENTS--GENERAL INFORMATION
fixed length control field 220923b |||||||| |||| 00| 0 eng d
037 ## - SOURCE OF ACQUISITION
Terms of availability General Book
040 ## - CATALOGING SOURCE
Original cataloging agency RTL
Transcribing agency RTL
Language of cataloging eng
041 ## - LANGUAGE CODE
Source of code eng
Language code of text/sound track or separate title eng
100 ## - MAIN ENTRY--PERSONAL NAME
Personal name Dutta B
245 #0 - TITLE STATEMENT
Title Commentary in the employees state insurance act
260 ## - PUBLICATION, DISTRIBUTION, ETC.
Place of publication, distribution, etc. Calcutta
Name of publisher, distributor, etc. International Law Book India
Date of publication, distribution, etc. 1976
300 ## - PHYSICAL DESCRIPTION
Extent xi, 289p.
Dimensions cm.
490 ## - SERIES STATEMENT
Series statement International Law Book centre publication series. 46
650 ## - SUBJECT ADDED ENTRY--TOPICAL TERM
Topical term or geographic name entry element Labour Economics - Social Insurance
700 ## - ADDED ENTRY--PERSONAL NAME
Personal name Ghosh A
942 ## - ADDED ENTRY ELEMENTS (KOHA)
Classification part X:9588:(Z2.N48), L6
Koha item type General Books
Source of classification or shelving scheme Colon Classification (CC)

No items available.

Copyright @ Delhi University Library System